[Event "Wch U20"]
[Site "Halle"]
[Date "1995.??.??"]
[Round "5"]
[White "Shulman, Yuri"]
[Black "Vescovi, Giovanni"]
[Result "0-1"]
[WhiteElo "2540"]
[BlackElo "2465"]

1.d4 Nf6 2.c4 c5 3.d5 b5 4.cxb5 a6 5.bxa6 g6 6.Nc3 Bxa6 7.e4 Bxf1 8.Kxf1 d6
9.Nge2 Bg7 10.h3 Nbd7 11.Kg1 O-O 12.Kh2 Qb6 13.Qc2 Rfb8 14.Rb1 Ne5 15.Rd1 Nc4
16.Na4 Qb4 17.Nec3 Rxa4 18.a3 Qb3 19.Qxb3 Rxb3 20.Nxa4 Nxe4 21.Be3 f5 22.Rbc1 Nxe3
23.fxe3 Bh6 24.Re1 Bxe3 25.Re2 Bf4+ 26.Kg1 Be3+ 27.Kh2 Bf4+ 28.Kg1 Be5 29.Rd1 Bd4+
30.Kh2 Be5+ 31.Kg1 Kf7 32.Rc2 Bd4+ 33.Kh2 Kf6 34.Nc3 Bxc3 35.bxc3 Rxa3 36.c4 Ke5
37.Kg1 h5 38.Kf1 h4 39.Kg1 Kf4 40.Rf1+ Ke5 41.Rd1 Kf4 42.Rf1+ Kg5 43.Rf3 Ra1+
44.Rf1 Ra4 45.Rb1 Kf4 46.Re1 Ke5 47.Rd1 Ra3 48.Kh2 Re3 49.Kg1 Nc3 50.Rdd2 Ne4
51.Rd1 Nc3 52.Rdd2 f4 53.Kh2 Nb1 54.Rd1 Nc3 55.Rdd2 Ke4 56.Kg1 Rd3 57.Rb2 Rxd2
58.Rxd2 Ke3 59.Rb2 Ne2+ 60.Kf1 Ng3+ 61.Ke1 Kd3 62.Rb8 Kxc4 63.Rg8 Kd3 64.Rg7 Nf5
65.Rxg6 c4 66.Rg8 c3 67.Ra8 Ne3 68.Ra2 Nxg2+  0-1

[Event "Wch U20"]
[Site "Halle"]
[Date "1995.??.??"]
[Round "6"]
[White "Shaked, Tal"]
[Black "Shulman, Yuri"]
[Result "0-1"]
[WhiteElo "2430"]
[BlackElo "2540"]

1.e4 e6 2.d4 d5 3.e5 c5 4.c3 Qb6 5.Nf3 Nc6 6.a3 c4 7.Nbd2 Na5 8.Be2 Bd7 9.O-O Ne7
10.Rb1 h6 11.Re1 O-O-O 12.h4 f5 13.h5 g5 14.hxg6 Nxg6 15.b4 cxb3 16.c4 Nf4
17.Bf1 Ba4 18.c5 Qc7 19.Rb2 Rg8 20.g3 Nh5 21.Nh2 Qf7 22.Qf3 f4 23.g4 Be7
24.Bg2 Ng7 25.Qc3 Nc6 26.Nxb3 h5 27.Na5 Rd7 28.Bf1 Kb8 29.Nxb7 Ka8 30.Nd6 Bxd6
31.cxd6 hxg4 32.Bb5 Bxb5 33.Rxb5 Nb8 34.Re2 g3 35.fxg3 fxg3 36.Ng4 Qh5 37.Reb2 Qxg4
38.Rxb8+ Rxb8 39.Qc6+ Rdb7 40.d7 Qxd4+ 41.Kg2 Qh4 42.Kg1 g2 43.Kxg2 Nh5  0-1

[Event "Wch U20"]
[Site "Halle"]
[Date "1995.??.??"]
[Round "10"]
[White "Quinn, Mark"]
[Black "Shulman, Yuri"]
[Result "0-1"]
[WhiteElo "2360"]
[BlackElo "2540"]

1.d4 Nf6 2.Nf3 g6 3.g3 Bg7 4.Bg2 O-O 5.c4 d6 6.Nc3 Nbd7 7.O-O e5 8.e4 c6
9.b3 Re8 10.h3 a5 11.Rb1 exd4 12.Nxd4 Nc5 13.Re1 Nfd7 14.Be3 Ne5 15.Re2 a4
16.Rd2 axb3 17.axb3 Qe7 18.Qc2 h5 19.Rbd1 Ra3 20.Nb1 Ra1 21.Nc3 Ra3 22.Nb1 Ra1
23.Nc3 Rxd1+ 24.Qxd1 h4 25.g4 Ned7 26.Qc2 Na6 27.Nde2 Ndc5 28.Qd1 g5 29.Nd4 Nb4
30.Re2 Qe5 31.Qd2 Be6 32.Nd1 Ncd3 33.Nxe6 fxe6 34.Bxg5 Ra8 35.Bxh4 Qa1 36.Re3 Ra2
37.Rxd3 Rxd2 38.Rxd2 Be5 39.Bg5 Na2 40.f4 Bc3 41.Rxa2 Bd4+ 42.Rf2 Qxd1+ 43.Bf1 Qf3
44.Bh4 Qxe4 45.Bg3 Qf3 46.Bh4 c5 47.Bg2 Qxf4 48.Bxb7 Qh6 49.Kg2 Qxh4 50.Re2 Be5
51.Re3 Qg5 52.Rf3 Qd2+ 53.Rf2 Qd3 54.Rf3 Qc2+  0-1

[Event "EU-ch U20"]
[Site "Holon"]
[Date "1995.??.??"]
[Round "1"]
[White "Pcola, Pavel"]
[Black "Shulman, Yuri"]
[Result "1/2-1/2"]
[WhiteElo "2335"]
[BlackElo "2540"]

1.e4 e6 2.d4 d5 3.Nd2 c5 4.exd5 exd5 5.Ngf3 Nc6 6.Be2 cxd4 7.O-O Bd6 8.Nb3 Nge7
9.Nbxd4 O-O 10.Bg5 h6 11.Be3 a6 12.c4 Nxd4 13.Bxd4 dxc4 14.Bxc4 b5 15.Bb3 Bb7
16.Be5 Bc5 17.Rc1 Rc8 18.Nh4 Qb6 19.Rc3  1/2-1/2

[Event "EU-ch U20"]
[Site "Holon"]
[Date "1995.??.??"]
[Round "2"]
[White "Shulman, Yuri"]
[Black "Murdzia, Piotr"]
[Result "1-0"]
[WhiteElo "2540"]
[BlackElo "2425"]

1.d4 Nf6 2.c4 e6 3.Nf3 b6 4.g3 Bb7 5.Bg2 Be7 6.O-O O-O 7.Nc3 Na6 8.Re1 d5
9.cxd5 exd5 10.Bf4 c5 11.Rc1 Re8 12.a3 h6 13.Ne5 Bf8 14.Nb5 Ne4 15.dxc5 Naxc5
16.b4 Ne6 17.Be3 a6 18.Nd4 a5 19.Ndc6 Qd6 20.Bxb6 axb4 21.axb4 N6g5 22.f4 f6
23.Bc5 Qe6 24.Nd4 Qa6 25.Nd3 Nxc5 26.Nxc5 Bxc5 27.bxc5 Ne4 28.c6 Qa3 29.Qd3 Bc8
30.Qxa3  1-0

[Event "EU-ch U20"]
[Site "Holon"]
[Date "1995.??.??"]
[Round "8"]
[White "Shulman, Yuri"]
[Black "Malakhov, Vladimir"]
[Result "1-0"]
[WhiteElo "2540"]
[BlackElo "2510"]

1.d4 c5 2.d5 d6 3.Nf3 e5 4.e4 Be7 5.h3 Nf6 6.Nc3 O-O 7.Be2 Na6 8.Be3 Nc7
9.a4 a6 10.Qb1 Nd7 11.O-O Kh8 12.b4 cxb4 13.Qxb4 a5 14.Qa3 Na6 15.Bxa6 Rxa6
16.Rab1 Nf6 17.Rb5 Nh5 18.Rfb1 Nf4 19.Bxf4 exf4 20.Ne2 g5 21.Ned4 Bf6 22.Nf5 Re8
23.Qd3 Be5 24.Rxb7 Bxb7 25.Rxb7 Rb6 26.Rxf7 Qb8 27.Qe2 Bf6 28.Nxg5  1-0

[Event "EU-ch U20"]
[Site "Holon"]
[Date "1995.??.??"]
[Round "9"]
[White "Liss, Eran"]
[Black "Shulman, Yuri"]
[Result "1/2-1/2"]
[WhiteElo "2480"]
[BlackElo "2540"]

1.e4 e6 2.d4 d5 3.Nd2 c5 4.exd5 exd5 5.Bb5+ Nc6 6.Qe2+ Be7 7.dxc5 Nf6 8.Nb3 O-O
9.Nf3 Re8 10.Be3 a6 11.Bxc6 bxc6 12.O-O a5 13.Qd1 Qc7 14.Nc1 Ne4 15.Nd3 Ba6
16.Qc1 Bf6 17.Re1 Rac8 18.Bd4 Bxd4 19.Nxd4 Qa7 20.Qe3 Kf8 21.Nf5 Qd7 22.Qh3 h6
23.Qg4 g6 24.Nxh6 Qxg4 25.Nxg4 Bxd3 26.cxd3 Nxc5 27.Ne5 Kg7 28.d4 Ne6 29.Nf3 Rb8
30.b3 Rb4 31.Red1 a4 32.Rac1 axb3 33.axb3 Rxb3 34.Rxc6 Nf4 35.h4 Re2 36.Ng5 Rbb2
37.Rf1 Re7 38.Rd6 Ne2+ 39.Kh2 Nxd4 40.Rxd5 Nf5 41.Nf3 Ree2 42.Kg1 Re4 43.h5 Nh4
44.Nxh4 Rxh4 45.hxg6 Kxg6 46.Rd3 Rf4 47.g3 Rfb4 48.Rdd1 Rc4 49.Kg2 Rc5 50.Rd4 Rcb5
51.Rd8 Kg7 52.Kh3 Rb1 53.Rxb1 Rxb1 54.f4  1/2-1/2

[Event "Katowice op"]
[Site "Katowice"]
[Date "1995.??.??"]
[Round "7"]
[White "Labuckas, Aidas"]
[Black "Shulman, Yuri"]
[Result "0-1"]
[WhiteElo "2320"]
[BlackElo "2490"]

1.e4 e6 2.d4 d5 3.Nd2 c5 4.exd5 exd5 5.Bb5+ Nc6 6.Qe2+ Be7 7.dxc5 Nf6 8.Nb3 O-O
9.Be3 Ng4 10.O-O-O Nxe3 11.Qxe3 a5 12.a4 Na7 13.Be2 Bf6 14.Qd2 Qe8 15.Nf3 Qxa4
16.Qxa5 Qf4+ 17.Kb1 Bf5 18.Nbd4 Nc6 19.Qd2 Qb8 20.Bd3 Bxd4 21.Bxf5 Qa7 22.c3 Qa1+
23.Kc2 Nb4+ 24.cxb4 Qxb2+ 25.Kd3 Qb3+ 26.Ke2 Ra2 27.Nxd4 Re8+ 28.Kf1 Rxd2
29.Rxd2 Qc3 30.Rd1 g6 31.Bc2 Qc4+ 32.Bd3 Qxd4 33.b5 Ra8 34.g3 Ra2  0-1

[Event "Katowice op"]
[Site "Katowice"]
[Date "1995.??.??"]
[Round "8"]
[White "Shulman, Yuri"]
[Black "Dubiel, Jacek"]
[Result "1-0"]
[WhiteElo "2490"]
[BlackElo "2370"]

1.d4 d5 2.c4 e6 3.Nc3 Nf6 4.Bg5 Be7 5.e3 h6 6.Bh4 O-O 7.cxd5 Nxd5 8.Bg3 c5
9.Bd3 Nc6 10.Nge2 cxd4 11.exd4 Qb6 12.O-O Rd8 13.a3 a6 14.Bc2 Bf6 15.Qd3 g6
16.Rfd1 Nxc3 17.bxc3 Qa5 18.Nf4 Ne7 19.Qf3 Bg7 20.Ne2 Ra7 21.Bh4 b5 22.a4 Qc7
23.Bg3 Qd7 24.Qd3 Rb7 25.axb5 axb5 26.Ra8 Qe8 27.Qf3 Nd5 28.Be4 Rbd7 29.Rb1 Bb7
30.Rxd8 Qxd8 31.Rxb5 f5 32.Bxd5 Bxd5 33.Qe3 Kh7 34.h4 Qa8 35.Nf4 Bc6 36.Rb6 Re7
37.f3 e5 38.Nxg6 Kxg6 39.d5 Kf7 40.Rxc6 f4 41.Qe4 fxg3 42.Qf5+ Kg8 43.Rc8+ Re8
44.Rxa8 Rxa8 45.Kf1 Ra1+ 46.Ke2 Ra2+ 47.Ke3 Rxg2 48.Qh3 Rg1 49.Ke4 g2 50.Kf5 Kh7
51.Ke6 e4 52.Kf7  1-0

[Event "Minsk"]
[Site "Minsk"]
[Date "1995.??.??"]
[Round "2"]
[White "Ivanov, Sergey"]
[Black "Shulman, Yuri"]
[Result "0-1"]
[WhiteElo "2535"]
[BlackElo "2490"]

1.d4 Nf6 2.c4 g6 3.Nc3 Bg7 4.e4 d6 5.f4 O-O 6.Nf3 c5 7.d5 e6 8.Be2 exd5 9.cxd5 Re8
10.e5 dxe5 11.fxe5 Ng4 12.O-O Nxe5 13.Bf4 Nbd7 14.d6 Qb6 15.Nxe5 Nxe5 16.Bxe5 Rxe5
17.d7 Bxd7 18.Qxd7 Qxb2 19.Rac1 Rf5 20.Bf3 Bxc3 21.Rb1 Qxa2 22.Rxb7 a5 23.Rd1 Bd4+
24.Kh1 a4 25.h3 a3 26.Be4 Qe2 27.Rxd4 a2 28.Bxf5 a1=Q+ 29.Kh2 Qe5+ 30.g3 Qe2+  0-1

[Event "Minsk"]
[Site "Minsk"]
[Date "1995.??.??"]
[Round "6"]
[White "Tunik, Gennady"]
[Black "Shulman, Yuri"]
[Result "0-1"]
[WhiteElo "2530"]
[BlackElo "2490"]

1.d4 Nf6 2.c4 g6 3.Nc3 Bg7 4.e4 d6 5.Bd3 O-O 6.Nge2 Nc6 7.O-O Nh5 8.Be3 e5
9.d5 Ne7 10.Qd2 f5 11.exf5 gxf5 12.f4 Ng6 13.fxe5 dxe5 14.Bg5 Qd6 15.Nb5 Qd7
16.Ng3 Nxg3 17.hxg3 a6 18.Nc3 Qd6 19.Be2 Bd7 20.Kh2 e4 21.Rac1 b6 22.Nd1 Rae8
23.Qe3 Be5 24.Bf4 Nxf4 25.gxf4 Qh6+ 26.Kg1 Bf6 27.b4 Kh8 28.Nf2 Rg8 29.Nh3 Rg6
30.Kh2 Reg8 31.Rg1 Qg7 32.g3 Bd4 33.Qb3 Bxg1+ 34.Rxg1 Qd4 35.Rd1 Qf6 36.Rg1 a5
37.bxa5 bxa5 38.Rg2 Qd4 39.Qa3 a4 40.Qe7 Qg7 41.Qa3 Rh6 42.Rg1 Rb8 43.Qc5 Rb2
44.Re1 Be8 45.Kg2 Bh5 46.Ng1 Rg6 47.Kf1 Rxg3 48.Bxh5 e3  0-1

[Event "Minsk"]
[Site "Minsk"]
[Date "1995.??.??"]
[Round "13"]
[White "Shulman, Yuri"]
[Black "Yandemirov, Valeri"]
[Result "1-0"]
[WhiteElo "2490"]
[BlackElo "2525"]

1.d4 Nf6 2.c4 g6 3.Nc3 d5 4.cxd5 Nxd5 5.e4 Nxc3 6.bxc3 Bg7 7.Nf3 c5 8.Rb1 O-O
9.Be2 Nc6 10.d5 Ne5 11.Nxe5 Bxe5 12.Qd2 e6 13.f4 Bg7 14.c4 Qe8 15.Qc2 b6
16.O-O Bb7 17.Bf3 Bd4+ 18.Kh1 Rd8 19.Bb2 Bxb2 20.Qxb2 f5 21.Rfe1 Qf7 22.dxe6 Qxe6
23.exf5 Qf7 24.fxg6 hxg6 25.Bxb7 Qxb7 26.Qc2 Qc6 27.Re7 Rxf4 28.Rxa7 Rdf8
29.Rg1 Rf2 30.Qc3 Qf6 31.Qh3 Rf7 32.Ra8+ Rf8 33.Rxf8+ Qxf8 34.Qe6+ Qf7 35.Qxb6 Rxa2
36.Qxc5 Kh7 37.Rc1  1-0

[Event "Moscow5"]
[Site "Moscow"]
[Date "1995.??.??"]
[Round "5"]
[White "Shulman, Yuri"]
[Black "Chekhov, Valery A"]
[Result "1-0"]
[WhiteElo "2490"]
[BlackElo "2500"]

1.d4 d5 2.c4 c6 3.Nf3 Nf6 4.Nc3 a6 5.a4 e6 6.g3 Be7 7.Bg2 O-O 8.O-O b6 9.Nd2 Ra7
10.e4 dxe4 11.Ndxe4 Rd7 12.Qb3 Bb7 13.a5 b5 14.Nc5 Bxc5 15.dxc5 Qe7 16.Be3 Rfd8
17.h3 h6 18.Rad1 Rxd1 19.Rxd1 Rxd1+ 20.Qxd1 bxc4 21.Qd4 Nbd7 22.Qxc4 Nd5
23.Ne4 N7f6 24.Nd6 Ne8 25.Qb3 Nxd6 26.cxd6 Qd7 27.Bc5 e5 28.Qd3 Bc8 29.b4 Qe6
30.b5 axb5 31.Bxd5 cxd5 32.Qxb5 Bd7 33.Qb7 Bc8 34.a6 Bxb7 35.axb7 Qe8 36.Ba7 f6
37.b8=Q Qxb8 38.Bxb8 Kf7 39.Ba7 Ke6 40.Bc5 f5 41.f4  1-0

[Event "Moscow5"]
[Site "Moscow"]
[Date "1995.??.??"]
[Round "9"]
[White "Shulman, Yuri"]
[Black "Nikolenko, Oleg"]
[Result "1/2-1/2"]
[WhiteElo "2540"]
[BlackElo "2475"]

1.d4 Nf6 2.c4 e6 3.Nc3 Bb4 4.e3 c5 5.Ne2 cxd4 6.exd4 O-O 7.a3 Be7 8.d5 exd5
9.cxd5 Re8 10.Be3 Ng4 11.Bd4 Nh6 12.Qd3 d6 13.Ng3 Nd7 14.Be2 Nc5 15.Bxc5 dxc5
16.O-O a6 17.Bf3 Bd6 18.Rfe1 f5 19.Qd2 Bd7 20.Rxe8+ Qxe8 21.Nh5 Qe5 22.g3 Re8
23.Nf4 Nf7 24.Rd1  1/2-1/2

[Event "Nikolaev zt"]
[Site "Nikolaev"]
[Date "1995.??.??"]
[Round "3"]
[White "Zulfugarli, Magomed"]
[Black "Shulman, Yuri"]
[Result "0-1"]
[WhiteElo "2400"]
[BlackElo "2490"]

1.e4 e6 2.d4 d5 3.Nc3 Bb4 4.e5 c5 5.a3 Bxc3+ 6.bxc3 Ne7 7.Qg4 Qc7 8.Bd3 cxd4
9.Ne2 dxc3 10.Qxg7 Rg8 11.Qxh7 Qxe5 12.Bf4 Qf6 13.h4 Nbc6 14.Bg5 Qe5 15.Bf4 Qh8
16.Qxh8 Rxh8 17.Nxc3 e5 18.Bg5 e4 19.Bb5 Be6 20.O-O-O a6 21.Bxc6+ bxc6 22.f3 exf3
23.gxf3 Rb8 24.Rd4 Kd7 25.Ra4 Ra8 26.Rd1 Nf5 27.Ne4 Kc7 28.Nc5 Kb6 29.Nd3 c5
30.Kd2 Kb5 31.Rf4 d4 32.Rb1+ Kc6 33.Ne5+ Kd5 34.Nxf7 Rhf8 35.Nh6 Nxh6 36.Bxh6 Rxf4
37.Bxf4 Rf8 38.Bc7 Rxf3 39.Rb6 Bf5 40.Rxa6 Rf2+ 41.Kd1 Kc4 42.Bd8 Rh2 43.Ra4+ Kc3
44.Ba5+ Kb2 45.Rc4 Bg4+ 46.Ke1 Re2+ 47.Kf1 Rxc2 48.Rxc2+ Kxc2 49.Kf2 c4  0-1

[Event "Nikolaev zt"]
[Site "Nikolaev"]
[Date "1995.??.??"]
[Round "4"]
[White "Shulman, Yuri"]
[Black "Novikov, Igor A"]
[Result "0-1"]
[WhiteElo "2490"]
[BlackElo "2590"]

1.d4 d5 2.c4 e6 3.Nc3 c6 4.Nf3 Nf6 5.Bg5 h6 6.Bxf6 Qxf6 7.g3 Nd7 8.Bg2 dxc4
9.O-O Be7 10.a4 O-O 11.e3 Rd8 12.Qe2 Rb8 13.Nd2 e5 14.d5 Nb6 15.e4 cxd5 16.exd5 Bf5
17.Nxc4 Nxc4 18.Qxc4 Rbc8 19.Qe2 Bc5 20.Ne4 Bxe4 21.Bxe4 Bd4 22.a5 Qa6 23.Qf3 Bxb2
24.Rab1 Bd4 25.d6 Rc3 26.Qf5 g6 27.Qh3 Kg7 28.Bxb7 Qxd6 29.Qg4 Qc5 30.a6 Rd6
31.Rbe1 h5 32.Qe4 f5 33.Qh4 Rf6 34.Re2 Qc4 35.Rfe1 Rc2 36.Rxc2 Qxc2 37.Rf1 Qd2
38.Qh3 Kh6 39.Qg2 e4 40.Rb1 Qc2 41.Rf1 Rb6 42.h3 Rb3 43.g4 h4 44.Kh1 Qd3
45.gxf5 gxf5  0-1

[Event "Nikolaev zt"]
[Site "Nikolaev"]
[Date "1995.??.??"]
[Round "9"]
[White "Romanishin, Oleg M"]
[Black "Shulman, Yuri"]
[Result "1-0"]
[WhiteElo "2595"]
[BlackElo "2490"]

1.e4 e6 2.Qe2 c5 3.Nf3 Nc6 4.g3 Nge7 5.c3 d5 6.d3 b6 7.Bg2 a5 8.O-O Ba6 9.Rd1 Ra7
10.e5 h6 11.a4 g5 12.Na3 Ng6 13.Nb5 g4 14.Ne1 Bxb5 15.axb5 Ncxe5 16.d4 cxd4
17.cxd4 Nc4 18.b3 Nd6 19.Bxd5 Ne7 20.Bg2 Qd7 21.d5 Qxb5 22.Qxb5+ Nxb5 23.Bb2 Rg8
24.Bf1 Nd6 25.dxe6 Nef5 26.exf7+ Kxf7 27.Bg2 Rg6 28.Bd5+ Ke8 29.Nd3 Bg7 30.Ne5 Bxe5
31.Bxe5 Ne7 32.Bg2 Rd7 33.Bf4 Nb5 34.Rxd7 Kxd7 35.Rd1+ Ke8 36.Rd3 Re6 37.Kf1 h5
38.Bd5 Rf6 39.Be4 Re6 40.Bg2 Na3 41.Rd2 Nb5 42.Bd5 Rf6 43.Bc4 Na7 44.Bc7 Nf5
45.Rd8+ Ke7 46.Ra8 Nc6 47.Bxb6 Kd6 48.Rh8 Ne5 49.Bxa5 Ne3+ 50.Ke2 N3xc4 51.bxc4 Rf5
52.Bb4+ Kd7 53.Rh7+ Kc6 54.Rh6+ Kb7 55.Rh7+ Kc6 56.Rh6+ Kb7 57.c5 Nc6 58.Ba3 Rf3
59.Bc1 Nd4+ 60.Ke1 Rf5 61.Be3 Nc2+ 62.Ke2 Nxe3 63.c6+ Kb6 64.fxe3 Ra5 65.Kd3  1-0

[Event "Nikolaev zt"]
[Site "Nikolaev"]
[Date "1995.??.??"]
[Round "10"]
[White "Shulman, Yuri"]
[Black "Iordachescu, Viorel"]
[Result "1-0"]
[WhiteElo "2490"]
[BlackElo "2425"]

1.d4 d5 2.c4 c6 3.Nf3 Nf6 4.Nc3 a6 5.a4 g6 6.g3 Bg7 7.Bg2 O-O 8.O-O Bf5 9.Qb3 Ra7
10.Bf4 dxc4 11.Qxc4 a5 12.Rfe1 Be6 13.Qd3 Na6 14.e4 Nb4 15.Qd2 Ra8 16.h3 Bb3
17.Rac1 Qb6 18.Be3 Rfd8 19.Ne5 Nd7 20.d5 Qa6 21.Nxd7 Rxd7 22.Bf1 Bc4 23.Bxc4 Qxc4
24.Red1 Qb3 25.Qe2 e6 26.dxc6 Rxd1+ 27.Qxd1 Qxd1+ 28.Rxd1 Nxc6 29.Rd7 Rb8
30.f4 Rd8 31.Rxb7 Rd3 32.Kf2 Bxc3 33.bxc3 Rxc3 34.Rb5 Rc2+ 35.Kf3 Kf8 36.Rc5 Rxc5
37.Bxc5+ Ke8 38.Ke3 Kd7 39.Kd3 Nd8 40.Kd4 f6 41.Kc4 Kc6 42.Be7 Nb7 43.Kd4 f5
44.exf5 exf5 45.Ke5 Nc5 46.Kf6 Nxa4 47.Kg7 Kd7 48.Bf6 Ke6 49.Bd4 Kd5 50.Ba1 Ke4
51.Kxh7 Kf3 52.Kxg6 Nc5 53.h4 Kxg3 54.h5 Kxf4 55.h6 Ne6 56.Bg7 Ng5 57.Bf6 Ne6
58.Be7  1-0

[Event "Vladivostok Zaitsev"]
[Site "Vladivostok"]
[Date "1995.??.??"]
[Round "6"]
[White "Shulman, Yuri"]
[Black "Tunik, Gennady"]
[Result "1-0"]
[WhiteElo "2540"]
[BlackElo "2515"]

1.d4 Nf6 2.c4 e6 3.Nf3 b6 4.g3 Ba6 5.Nbd2 Bb7 6.Bg2 c5 7.e4 cxd4 8.O-O a6
9.e5 Ne4 10.Ng5 Qxg5 11.Nxe4 Qxe5 12.Bf4 Qf5 13.Qxd4 f6 14.Nxf6+ Qxf6 15.Be5 Bxg2
16.Bxf6 Bxf1 17.Bxg7 Nc6 18.Qc3 Rg8 19.Bxf8 Bxc4 20.Bd6 Bd5 21.Qf6  1-0

[Event "Gothenburg"]
[Site "Gothenburg"]
[Date "1996.??.??"]
[Round "?"]
[White "Shulman, Yuri"]
[Black "Chernin, Alexander"]
[Result "1/2-1/2"]
[WhiteElo "2520"]
[BlackElo "2620"]

1.d4 Nf6 2.c4 e6 3.Nc3 Bb4 4.e3 O-O 5.Ne2 d5 6.a3 Bd6 7.c5 Be7 8.b4 b6 9.Nf4 a5
10.Bb2 c6 11.Be2 Nbd7 12.O-O Ba6 13.Bxa6 Rxa6 14.Nd3 Qa8 15.Qe2 Ne8 16.e4 dxe4
17.Nxe4 Nef6 18.Nc3 Ra7 19.Ne5 Qb7 20.b5 Nxe5 21.dxe5 Nd7 22.bxc6 Qxc6 23.Nb5 Rb7
24.cxb6 Nxb6 25.Rac1 Qd5 26.Rfd1 Qa2 27.Nd6 Rbb8 28.Ra1 Qb3 29.Rd3 Qa4 30.Rd4 Qb3
31.Rd3 Qa4 32.Rd4 Qb3  1/2-1/2

[Event "Minsk"]
[Site "Minsk"]
[Date "1996.??.??"]
[Round "3"]
[White "Shulman, Yuri"]
[Black "Rustemov, Alexander"]
[Result "1/2-1/2"]
[WhiteElo "2525"]
[BlackElo "2495"]

1.d4 d5 2.c4 e6 3.Nc3 Be7 4.Nf3 Nf6 5.Bg5 h6 6.Bh4 O-O 7.e3 b6 8.Bd3 Bb7
9.O-O Nbd7 10.Rc1 c5 11.cxd5 cxd4 12.d6 dxc3 13.dxe7 Qxe7 14.Rxc3 Bxf3 15.Qxf3 Qb4
16.Bxf6 Nxf6 17.Qe2 Rac8 18.Rfc1 Rxc3 19.Rxc3 Rd8  1/2-1/2

[Event "Minsk"]
[Site "Minsk"]
[Date "1996.??.??"]
[Round "7"]
[White "Shulman, Yuri"]
[Black "Kruppa, Yuri"]
[Result "1-0"]
[WhiteElo "2525"]
[BlackElo "2580"]

1.e4 e6 2.d4 d5 3.e5 Ne7 4.Nf3 b6 5.b4 c5 6.c3 Qd7 7.a4 Nec6 8.b5 Na5 9.Bd3 a6
10.O-O Nc4 11.Na3 axb5 12.Nxb5 Ba6 13.Rb1 cxd4 14.cxd4 Nc6 15.Qe2 Nb4 16.Bxc4 dxc4
17.Qxc4 Nd5 18.Bg5 h6 19.Bh4 Bxb5 20.Rxb5 Rc8 21.Qb3 Rc3 22.Qb1 Rc4 23.Rc1 Rxc1+
24.Qxc1 Bb4 25.Qb2 Bc3 26.Qa3 Qc7 27.h3 Ba5 28.Kh1 g5 29.Bg3 Qe7 30.Qd3 Qd7
31.Nh2 h5 32.Nf3 h4 33.Bh2 Qc6 34.Rb1 Rg8 35.Qa3 Qc3 36.Qd6 Qc7 37.Qa3 Qc3
38.Qd6 Qc7 39.Qa3 Qc3 40.Qd6 Qc7 41.Qxc7 Nxc7 42.g3 hxg3 43.Bxg3 g4 44.hxg4 Rxg4
45.Kg2 Nd5 46.Rh1 Rg8 47.Rh7 Bb4 48.Kf1 Nc3 49.Bf4 Nxa4 50.Ng5 Nc3 51.Bc1 Bf8
52.Nxf7 Rg7 53.Nd6+ Kd7 54.Rxg7+ Bxg7 55.Bd2 Nd5 56.Ke2 Bf8 57.Ne4 Be7 58.Kd3 Kc6
59.f4 b5 60.Ng3 Bh4 61.Nh5 Be7 62.Ng7 Kd7 63.Ke4 b4 64.f5 b3 65.fxe6+ Kc6
66.Kd3 Ba3 67.Nf5 Nc7 68.Ne3 Kb5 69.d5 Bc5 70.e7 Bxe7 71.d6 Bxd6 72.exd6 Ne6
73.Bc1 Nc5+ 74.Kd4 Kc6 75.Nc4 Nb7 76.Ke5 Kc5 77.Nd2 Nxd6 78.Ba3+  1-0

[Event "Minsk"]
[Site "Minsk"]
[Date "1996.??.??"]
[Round "11"]
[White "Shulman, Yuri"]
[Black "Sulskis, Sarunas"]
[Result "1-0"]
[WhiteElo "2525"]
[BlackElo "2505"]

1.e4 e5 2.f4 exf4 3.Nf3 d6 4.d4 g5 5.h4 g4 6.Ng1 Bh6 7.Ne2 Qf6 8.Nbc3 Be6
9.g3 fxg3 10.Nxg3 Bxc1 11.Rxc1 h5 12.Bg2 Nc6 13.d5 Ne5 14.dxe6 fxe6 15.Qd2 Ne7
16.Qf2 Qh6 17.O-O Kd7 18.Rcd1 a6 19.Qd4 N7c6 20.Qd2 Qxd2 21.Rxd2 Ne7 22.Bh1 N7g6
23.Rh2 Ke7 24.Nce2 a5 25.Nf4 Nxf4 26.Rxf4 a4 27.Kf1 Ra5 28.Ke2 Rb5 29.b3 axb3
30.axb3 c5 31.Rhf2 c4 32.bxc4 Rc5 33.Bg2 Rxc4 34.Kd2 Rd4+ 35.Ke3 Ra4 36.Bf1 Ra1
37.Bd3 Rg1 38.Ne2 Rh1 39.Nd4 g3 40.Rg2 Rg8 41.Nf3 Rh3 42.Ng5 Ng4+ 43.Ke2 Rxh4
44.Rf7+ Kd8 45.Nxe6+ Kc8 46.Rxg3 Rh2+ 47.Ke1 h4 48.Ba6 bxa6 49.Rc3+ Kb8 50.Rb3+ Ka8
51.Nc7+ Ka7 52.Nd5+  1-0

[Event "Pamplona9596"]
[Site "Pamplona"]
[Date "1996.??.??"]
[Round "?"]
[White "Shulman, Yuri"]
[Black "San Segundo, Pablo"]
[Result "1-0"]
[WhiteElo "2540"]
[BlackElo "2520"]

1.d4 d5 2.c4 e6 3.Nc3 c6 4.Nf3 dxc4 5.a4 Bb4 6.e3 b5 7.Bd2 a5 8.axb5 Bxc3
9.Bxc3 cxb5 10.b3 Bb7 11.d5 Nf6 12.bxc4 b4 13.Bxf6 Qxf6 14.Qa4+ Nd7 15.Nd4 e5
16.Nb3 Ke7 17.Be2 Qd6 18.f4 Rhc8 19.O-O Nc5 20.Nxc5 Rxc5 21.Rad1 e4 22.Qa1 Kf8
23.Qe5 Qxe5 24.fxe5 Kg8 25.Rf4 b3 26.Rdf1 b2 27.Rb1 Bxd5 28.cxd5 Rc2 29.Bf1 a4
30.Rf2 Rxf2 31.Kxf2 a3 32.Bc4 a2 33.Bxa2 Rxa2 34.Kg3 g5 35.d6 h5 36.d7 Ra8
37.Rxb2 Kf8 38.Rd2 Ke7 39.h4 gxh4+ 40.Kxh4 Kd8 41.Kg5 Ra6 42.Kf4 Rg6 43.Kxe4 Rg4+
44.Kf5 Rg6 45.Rd4 Rxg2 46.Kf6 Rf2+ 47.Rf4 Rd2 48.Kxf7 Rxd7+ 49.Kf8 Rh7 50.Rd4+  1-0

[Event "Pamplona9596"]
[Site "Pamplona"]
[Date "1996.??.??"]
[Round "?"]
[White "Shulman, Yuri"]
[Black "Magem Badals, Jorge"]
[Result "1/2-1/2"]
[WhiteElo "2540"]
[BlackElo "2560"]

1.d4 d5 2.c4 dxc4 3.Nf3 Nf6 4.Nc3 e6 5.e4 Bb4 6.Bg5 h6 7.Bxf6 Qxf6 8.Bxc4 O-O
9.O-O Nc6 10.Bb5 Bxc3 11.bxc3 Bd7 12.Qe2 Rfd8 13.Rab1 Rab8 14.Rfe1 a6 15.e5 Qf4
16.Bd3 Ne7 17.Nd2 Nd5 18.g3 Qg5 19.Ne4 Qe7 20.c4 Nb4 21.Nf6+ gxf6 22.Qg4+ Kf8
23.Bh7 Ke8 24.exf6 Qxf6 25.Rxb4 Qg5 26.Qd1 c5 27.Rb2  1/2-1/2

[Event "Pamplona9596"]
[Site "Pamplona"]
[Date "1996.??.??"]
[Round "?"]
[White "Shulman, Yuri"]
[Black "Slobodjan, Roman"]
[Result "1/2-1/2"]
[WhiteElo "2540"]
[BlackElo "2500"]

1.d4 d5 2.c4 c6 3.Nf3 Nf6 4.Nc3 e6 5.Bg5 h6 6.Bxf6 Qxf6 7.g3 Nd7 8.Bg2 dxc4
9.O-O Be7 10.e3 O-O 11.a4 a5 12.Qe2 e5 13.Qxc4 exd4 14.exd4 Bb4 15.Ne4 Qe7
16.Qc2 Nf6 17.Nc5 Be6 18.Nxe6 Qxe6 19.Rad1 Rad8 20.Rd3 Rfe8 21.Re3 Qd6 22.Re5 Qc7
23.Rd1 Bd6 24.Rxe8+ Rxe8 25.Nh4 Qb6 26.Nf5 Bf8 27.Ne3 Qb4  1/2-1/2

[Event "Pamplona9596"]
[Site "Pamplona"]
[Date "1996.??.??"]
[Round "?"]
[White "Izeta Txabarri, Felix"]
[Black "Shulman, Yuri"]
[Result "1-0"]
[WhiteElo "2495"]
[BlackElo "2540"]

1.d4 Nf6 2.Nf3 g6 3.c4 Bg7 4.g3 O-O 5.Bg2 d6 6.Nc3 Nc6 7.O-O e5 8.d5 Ne7
9.e4 Kh8 10.Ne1 Nfg8 11.Nd3 f5 12.f4 exf4 13.Bxf4 fxe4 14.Nxe4 h6 15.Bd2 Rxf1+
16.Qxf1 Bf5 17.Qe2 Qd7 18.Bc3 Bxc3 19.Nxc3 Nf6 20.Nf4 Ng4 21.Be4 Ne5 22.Bxf5 Nxf5
23.Rf1 Ng7 24.Ne4 Qe7 25.Nc5 Kh7 26.Nxb7 Rf8 27.Na5 g5 28.Nc6 Nxc6 29.dxc6 Qxe2
30.Nxe2 Re8 31.Nc3 Kg6 32.Nd5 Nf5 33.Nxc7 Re4 34.Nd5 Rxc4 35.Rxf5  1-0

[Event "Komercni Banka op"]
[Site "Pardubice"]
[Date "1996.??.??"]
[Round "3"]
[White "Mirumian, Vigen"]
[Black "Shulman, Yuri"]
[Result "1/2-1/2"]
[WhiteElo "2430"]
[BlackElo "2520"]

1.Nf3 Nf6 2.g3 g6 3.Bg2 d5 4.O-O Bg7 5.d3 O-O 6.Nbd2 c5 7.c3 Nc6 8.e4 e5
9.exd5 Nxd5 10.Re1 h6 11.Nc4 Re8 12.Qb3 Nb6 13.Be3 Be6 14.Qb5 e4 15.Nfd2 exd3
16.Bxc5 Nxc4 17.Nxc4 a6 18.Qxb7 Bxc4 19.Bxc6 Rb8 20.Bxe8 Rxb7 21.b3 Bxc3
22.Rad1  1/2-1/2

[Event "Komercni Banka op"]
[Site "Pardubice"]
[Date "1996.??.??"]
[Round "4"]
[White "Shulman, Yuri"]
[Black "Korotylev, Alexey"]
[Result "0-1"]
[WhiteElo "2520"]
[BlackElo "2435"]

1.d4 g6 2.c4 Bg7 3.Nc3 d6 4.e4 Nf6 5.Nf3 O-O 6.Be2 e5 7.Be3 c6 8.d5 Ng4 9.Bg5 f6
10.Bh4 c5 11.O-O Nh6 12.Ne1 Nd7 13.f3 Nf7 14.Nd3 Bh6 15.Bf2 f5 16.Rb1 Nf6
17.b4 b6 18.bxc5 bxc5 19.Qa4 Bd2 20.Qc2 Bxc3 21.Qxc3 fxe4 22.Nxc5 dxc5 23.Bxc5 Re8
24.f4 Qc7 25.Qe3 Ng4 26.Bxg4 Bxg4 27.h3 Be2 28.d6 Qc6 29.d7 Red8 30.Rf2 Bxc4
31.fxe5 Qxd7  0-1

[Event "Komercni Banka op"]
[Site "Pardubice"]
[Date "1996.??.??"]
[Round "6"]
[White "Shulman, Yuri"]
[Black "Tunik, Gennady"]
[Result "1/2-1/2"]
[WhiteElo "2520"]
[BlackElo "2440"]

1.d4 Nf6 2.c4 e6 3.Nc3 Bb4 4.e3 c5 5.Ne2 cxd4 6.exd4 O-O 7.a3 Be7 8.d5 exd5
9.cxd5 Re8 10.d6 Bf8 11.g3 b6 12.Bg2 Nc6 13.Nb5 Ba6 14.a4 Rc8 15.O-O Bxb5
16.axb5 Na5 17.Nc3 g6 18.b4 Rxc3 19.bxa5 Bg7 20.Bb2 Rc8 21.axb6 Qxb6 22.Qd3 Rb8
23.Ra6 Qxb5 24.Qxb5 Rxb5 25.Bxf6 Bxf6 26.Rxa7  1/2-1/2

[Event "Rilton Cup 96/97"]
[Site "Stockholm"]
[Date "1996.??.??"]
[Round "9"]
[White "Shulman, Yuri"]
[Black "Engqvist, Thomas"]
[Result "0-1"]
[WhiteElo "2335"]
[BlackElo "2375"]

1.d4 Nf6 2.c4 e6 3.Nc3 Bb4 4.e3 c5 5.Ne2 cxd4 6.exd4 O-O 7.a3 Be7 8.d5 exd5
9.cxd5 Bc5 10.Na4 d6 11.Nec3 a6 12.Nxc5 dxc5 13.Be2 b5 14.O-O Bb7 15.Bf3 Nbd7
16.Re1 Re8 17.Bg5 Rxe1+ 18.Qxe1 Qb6 19.Rd1 Re8 20.Qd2 b4 21.Bxf6 Nxf6 22.axb4 cxb4
23.Ne2 Qd6 24.Ng3 g6 25.h4 h5 26.Nf1 Nd7 27.Ne3 Rc8 28.Qd4 Ne5 29.Be2 Rc7
30.b3 Kh7 31.Bc4 Rc5 32.Re1 Nxc4 33.bxc4 Bc8 34.Nc2 b3 35.Re8 f6 36.Nb4 Rc7
37.Nc6 Rxc6 38.c5 Rxc5 39.Qe3 Rc7 40.Qxb3 Rc1+  0-1

[Event "Yerevan ol (Men)"]
[Site "Yerevan"]
[Date "1996.??.??"]
[Round "7"]
[White "Lima, Darcy"]
[Black "Shulman, Yuri"]
[Result "0-1"]
[WhiteElo "2430"]
[BlackElo "2520"]

1.g3 e5 2.e4 Nc6 3.Bg2 f5 4.exf5 Nf6 5.Nf3 d5 6.O-O Bxf5 7.d3 Bd6 8.Nc3 O-O
9.Bg5 Be6 10.Nd2 Be7 11.f4 exf4 12.Bxf4 Bc5+ 13.Kh1 Ng4 14.Nb3 Bb6 15.Nxd5 Qxd5  0-1